00169nam a2200085Ia 4500008004100000041000800041082000900049100000800058245001700066210707s9999 xx 000 0 und d aeng aCD96 aEFY aE pages 2005